000 00900cad a22002055a 4500
001 E154213
008 111101e20111028xxk 000 0 eng d
035 _a(Sirsi) u154213
041 0 _aeng
110 1 _aDundas & Wilson
_93602
245 0 0 _aScottish Government publishes new circular on compulsory purchase orders
_h[electronic resource]
260 _c2011
490 _aDundas & Wilson Alert
_v28 October 2011
520 _aDiscusses the new Planning Circular 6/2011 on Compulsory Purchase Orders, which has been produced by the Scottish Government. See E154169 for the Circular itself.
590 _aKA
651 4 _aScotland
_y1999-
690 _aENVIRONMENTAL AND LAND CONSULTANCY-PLANNING AND DEVELOPMENT-COMPULSORY PURCHASE AND COMPENSATION
856 4 0 _uhttps://www.dundas-wilson.com/publications/dw_cms_8248.asp
_zView the article free of charge at www.dundas-wilson.com
942 _n0
999 _c83536
_d83536